1097 1480 1319 1665 1524 1472 1110 1869 1391 1472 1837 1988 1774 1476 1344 1513 1294 1924 1046 1494 1021 1822 1339 1916 1943 1147 1820 1158 1569 1312 1503 1353 1819 1410 1866 1436 1871 1019 1949 1939 1323 1671 1221 1737 1464 1703 1875 1765 1333 1559 1079 1085 1252 1158 1040 1091 1183 1507 1592 1195 1293 1022 1954 1862 1962 1485 1416 1990 1676 1869 1245 1080 1723 1833 1831 1369 1926 1291 1179 1166 1573 1181 1222 1657 1319 1615 1486 1993 1281 1522 1853 1235 1284 1657 1678 1604 1475 1240 1957 BCNSPRNW ULIB Ver.6.0+V

เปลี่ยนเป็นภาษาไทย

Change to English
 แสดงรายละเอียดบรรณานุกรม
  กลับหน้าหลัก

Brief Record : Get Marc (ISO 2709) : E-mail record : QR code < ปิดหน้าต่าง
LEADER : 00000nam 2200000uu 4500
001    13399108173
003     ULIB
008    110220s2541||||th 000 0 tha d
060 04 WY150^bก496 ล.4 2541
110 2  กระทรวงสาธารณสุข. ^bสถาบันพระบรมราชชนก.^bโครงการสวัสดิการวิชาการ
245 10 การพยาบาลผู้ใหญ่และผู้สูงอายุ เล่ม 4 /^cสถาบันพระบรมราชชนกกระทรวงสาธารณสุข
250    พิมพ์ครั้งที่ 2 (แก้ไขเพิ่มเติม)
260    นนทบุรี :^bโครงการสวัสดิการวิชาการ สถาบันพระบรมราชชนกกระทรวงสาธารณสุข,^c2541
300    [12], 375 หน้า :^bภาพประกอบ ;^c26 ซม.
650  2 Geriatric Nursing
650  7 การพยาบาลผู้สูงอายุ
650  7 การพยาบาลเวชศาสตร์วัยชรา
650  7 ผู้สูงอายุ
650  7 ภาวะฉุกเฉิน^xการพยาบาล
945    ^p0^l0^i009647
945    ^p0^l0^i009645
945    ^p0^l0^i009643
945    ^p0^l0^i009641
945    ^p0^l0^i009639
945    ^p0^l0^i009637
945    ^p0^l0^i007075
945    ^p0^l0^i009648
945    ^p0^l0^i009646
945    ^p0^l0^i009644
945    ^p0^l0^i009642
945    ^p0^l0^i009640
945    ^p0^l0^i009638
945    ^p0^l0^i007076
995    ทศพร
999 ^a ใช้งานได้ทุกระบบ
รายการนี้ยังไม่มีแท็ก
คุณยังไม่ได้ล็อกอิน คุณสามารถมีกิจกรรมร่วมกับเว็บไซต์ได้ แต่ต้องล็อกอินก่อน ::
  ล็อกอิน

รายการสื่อสารสนเทศ

ลำดับที่ ประเภท เลขเรียก/บาร์โค้ด สถานที่ สถานะ
- ไม่พบข้อมูล -

รายการใกล้เคียง
    หัวเรื่อง [Geriatric Nursing]
    หัวเรื่อง [การพยาบาลผู้สูงอายุ]
    หัวเรื่อง [การพยาบาลเวชศาสตร์วัยชรา]
    หัวเรื่อง [ผู้สูงอายุ]

BibComment


ยังไม่เคยถูกคอมเมนท์

คอมเมนท์ทรัพยากรรายการนี้
  คอมเมนท์: การพยาบาลผู้ใหญ่แ..


 Copyright 2026. Bcnsprnw @Library